00234nam a22000857a 4500020001500000100002100015245007000036260003100106300001100137 a043919377X aMelvin And Gilda aDo Penguins Get Frostbite?: Questions Answers About Polar Animals aNew YorkbScholasticc2000 a48 pgs